000 00859nam a2200301Ia 4500
003 OSt
005 20220912150902.0
006 a|||||r|||| 00| 0
007 ta
008 220909b |||||||| |||| 00| 0 eng d
020 _a8172332262 (hbd)
024 _a8504
037 _bJagmander,
037 _cTextual
040 _aCSL
_beng
_cCSL
041 _aeng
082 _aU3.2, P1
100 _aMeher-Homji V M
245 0 _aBioclimatology and plant geography of peninsular India
260 _aJodhpur
_bScientific Publishers (India)
_c2001
300 _axi,199p
500 _aBibliographical references 187-199p; ^n23CSL/I/2001-2002/420^d2001-10-15^mpurchase
650 _a Biogeography
650 _a India
650 _aGeography
942 _hU3.2, P1
_cTEXL
_2CC
999 _c56867
_d56867